000 00423nam a2200169Ia 4500
008 230524s9999 xx 000 0 und d
020 _a9780070502697
082 _a621.149333
_bKUN
100 _aG D Kunders
245 0 _aHospitals Facilities Planning And Management
250 _aIST
260 _aNEW DELHI
_bTMH
_c2008
300 _aXXV;509
500 _aQuantity Number: 30
650 _aBiomedical
942 _cBK
999 _c41706
_d41706